000 00964nam a22001937a 4500
005 20120215152038.0
020 _a9788181469359
_c50.00
082 _a
100 _aविनोद लाल हीरा शंकर
_942171
245 _aचलो,पेड़,लगाएँ /
_cविनोद लाल हीरा ईश्वर;प्रिया कृष्णन द्वारा अनुदित
260 _aचैन्नई
_bतूलिका पब्लिशिंग
_c2011
270 _a13, पृथ्वी ऐवन्यु,अभिरमपुरम
_bचैन्नई
_e600018
300 _aअ.पृ
_bसचित्र
_c18सेमी (अजिल्द)
700 _942026
_aप्रिया कृष्णन
700 _942095
700 _942167
942 _2ddc
_cCH
_h
_mविनोद
999 _c62887
_d62887